[Event "USA-ch"]
[Site "San Diego"]
[Date "2004.12.02"]
[Round "7"]
[White "Shabalov, Alexander"]
[Black "Gurevich, Dmitry"]
[Result "1/2-1/2"]
[WhiteElo "2608"]
[BlackElo "2499"]
[Annotator "Mikhalevski,V"]
[PlyCount "84"]
[EventDate "2004.11.24"]
[EventType "swiss"]
[EventRounds "9"]
[EventCountry "USA"]
[SourceTitle "CBM 105"]
[Source "ChessBase"]
[SourceDate "2005.04.11"]
[SourceVersion "1"]
[SourceVersionDate "2005.04.11"]
[SourceQuality "1"]

1. d4 Nf6 2. c4 e6 3. Nf3 d5 4. Nc3 c5 5. cxd5 Nxd5 6. e4 Nxc3 7. bxc3 cxd4 8.
cxd4 Nc6 {A relatively rare idea which is usually connected with the following
move.} ({More popular is} 8... Bb4+ 9. Bd2 Bxd2+ 10. Qxd2 O-O) 9. Bc4 b5 $5 {
This idea first appeared in the Spassky,B-Fischer,R 1972 match and since then
up to these days Black has been continuing to come back to it.} (9... Bb4+ 10.
Bd2 Bxd2+ 11. Qxd2 O-O {transposes into 8...Bb4.} 12. O-O b6 13. Rad1 $1 Bb7
14. Rfe1 $1 Rc8 15. d5 $1 {Spassky-Petrosjan (19)/WM Moskau/1969/1-0/24/}) 10.
Bd3 ({Of course not} 10. Bxb5 $4 Qa5+) (10. Bb3 {was also tested.}) ({Nowadays
White usually prefers Polugaevsky's recommendation} 10. Be2) 10... Bb4+ 11. Kf1
$5 {[%csl Rb5] This extremely sharp and rare move has an idea of exploiting an
unfortunate position of the black bishop on b4 and the b5-pawn.} ({The
origin-game as well as 99% of all other games with 10.Bd3 saw} 11. Bd2 Bxd2+
12. Qxd2 a6 13. a4 O-O 14. Qc3 Bb7 15. axb5 axb5 16. O-O Qb6 17. Rab1 b4 18.
Qd2 Nxd4 19. Nxd4 Qxd4 20. Rxb4 Qd7 21. Qe3 $11 {1/2-1/2 Spassky,B-Fischer,R/
Reykjavik 1972/MainBase/[ChessBase] (29). (29)}) 11... O-O $1 {Black simply
ignores the threat of Bxb5 hoping to compensate the pawn by development
advantage and activity of his pieces.} ({The only preceding game saw} 11... a6
12. Bb2 O-O 13. h4 Be7 14. e5 {preparing a typical sacrifice on h7.} h5 (14...
Bb7 $2 15. Bxh7+ $1 Kxh7 16. Ng5+ Kh6 (16... Kg8 $2 17. Qh5 Bxg5 18. hxg5 f5
19. g6) 17. Bc1 {with a very dangerous attack.}) 15. Ng5 g6 16. g4 Bxg5 17.
hxg5 $40 {1/2-1/2 Garcia Martinez,S-Ortega,L/Havana 1983/MCD (41). (40)}) 12.
e5 $1 {White opens the diagonal of the light-squared bishop and prepares a
typical sacrifice on h7.} ({Accepting the b5-pawn looks dangerous.} 12. Bxb5 $6
{looks dangerous in view of the following.} Qb6 $1 13. Qd3 (13. Bd3 Nxd4 14.
Be3 Bc5 15. Rb1 Qd8 16. e5 Nxf3 17. Bxc5 Nxe5 18. Bb5 $1 Bb7 $1 19. Bxf8 Qg5)
13... Nxd4 14. Nxd4 Rd8 15. Be3 Bc5 $1 {and Black is better.}) 12... Qd5 {
Black is not afraid of White's attack and covers the b5-pawn.} ({Also the
positional pawn sacrifice} 12... Be7 $5 {covering the g5-square} 13. Bxb5 Bb7
$44 {deserved serious attention. Now thanks to the weak square on d5 and the
white king on f1 Black obtains sufficient compensation.}) 13. Rb1 $5 (13. Bxh7+
$4 {doesn't work in view of the simple} Kxh7 14. Ng5+ Kg8 15. Qh5 Qc4+ 16. Kg1
Qd3 $19 {and the queen comes to defense.}) ({Interesting, but not ntecessary
for Black complications may arise after} 13. Qc2 Bb7 $6 ({However Black at
least equalizes after} 13... Nxd4 $1 14. Nxd4 Qxd4 15. Bxh7+ Kh8 16. Bb2 Qc4+
17. Bd3 Qxc2 18. Bxc2 Bb7 $15) 14. Bxh7+ Kh8 15. Be4 Nxd4 16. Bxd5 Nxc2 17.
Bxb7 Nxa1 (17... Rab8 $5) (17... Rad8 18. Bg5 Nxa1 19. Bxd8 Rxd8 20. Ke2 Nc2
$14) 18. Bxa8 Rxa8 19. Ke2 $14) 13... Be7 $5 {Black keeps the tension.} (13...
Qxa2 $5 {looks dangerous, but I can't see more than equality for White. For
example} 14. Rb2 Qd5 15. Qc2 Nxd4 16. Nxd4 Qxd4 17. Bxh7+ Kh8 18. Be4 Rb8 $5 (
18... Rd8 $5 19. Bxa8 (19. Rxb4 Qd1+ 20. Qxd1 Rxd1+ 21. Ke2 Rxh1 22. Bxa8 {
leads to transposition.}) 19... Qd1+ 20. Qxd1 Rxd1+ 21. Ke2 Rxh1 22. Rc2 $1 Ba6
23. Rc6 {with a sharp, but bot so clear endgame.}) 19. Be3 Qc3 (19... Qc4+ $5
20. Qxc4 bxc4 21. Bc5 Bxc5 22. Rxb8 c3 {[%csl Rb8,Re5][%cal Gc8a6,Gc5d4] and
Black obtains sufficient compensation for the sacrificed exchange.}) 20. Rxb4
$1 Qxb4 21. Bc5 Qa4 $1 22. Bxf8 Ba6 $3 {This hidden resource saves Black.} 23.
Bd6 b4+ 24. Ke1 Qa1+ 25. Qd1 Qc3+ 26. Qd2 Qa1+) 14. h4 $5 {[%cal Gc1g5] With
the last move Shabalov prepared Bg5. The position is extremely complex and so
each move may lead to unpredictable complications.} ({Doesn't work} 14. Qc2 $6
Nxd4 15. Nxd4 Qxd4 16. Bxh7+ Kh8 17. Be4 Rb8 18. Be3 Qxe5 19. Bxa7 $140 Bb7 $1
{and Black is better.}) 14... Ba6 {Finally Black protects the b5-pawn.} (14...
Nb4 {was interesting.}) 15. Bg5 {White is trying to force weakening of the
position of the black king.} f6 (15... Bxg5 $6 16. hxg5 g6 {looks too
dangerous for Black.}) 16. Qc2 $1 {And now he forces a slightly better endgame.
} (16. exf6 Bxf6) 16... Nxd4 $1 17. Nxd4 Qxd4 18. exf6 Bxf6 19. Be3 Qe5 20.
Bxh7+ Kh8 21. Qe4 $1 $14 {Not an easy move. Usually it's difficult to switch
from attack to a quiet endgame. Despite material equality White is slightly
better thanks to a better pawn structure.} Rad8 $1 {Black wants a better
version of the endgame.} 22. Kg1 $1 {Moving the king form a possible check.} b4
$5 {[%cal Ga6d3] Black prepares an exchange operation which eventualy leads to
a drawish rook endgame.} (22... Bb7 $1 {Probably it was better to force White
taking an important decision right now.} 23. Qxb7 ({In case of} 23. Qxe5 $6
Bxe5 {the white king is stuck on g1.}) 23... Kxh7 24. Qxa7 (24. g3 Rd5 $1 {
[%cal Ge5e4]}) 24... Qf5 25. Kh2 {[%csl Rh4] with an approximately equal
position.}) 23. Rh3 $6 {White activates rook anticipating the arising endgame.}
({I believe it was safer to force the exchanges by means of} 23. h5 {and now}
Qa5 $2 {is dangerous in view of} (23... Bd3 $142 24. Qxe5 Bxe5 25. Bxd3 Rxd3
$11) 24. Bg6 $40 {[%cal Gh5h6]}) 23... Bd3 $6 {Black misses the chance to take
initiative in his hands.} (23... Qa5 $1 {[%cal Ga6d3] deserved a serious
attention. Black prepares Bd3 and attacks the a2-pawn. This switch from
endgame to a complicated middlegame could cause White some problems. For
example} 24. Bxa7 Rd7 25. Be3 Bd3 (25... Rfd8 $5) 26. Qxd3 Rxd3 27. Bxd3 Qxa2
28. Rxb4 Qa3 29. Bd2 Bd4 $1 {[%csl Rf2]}) 24. Qxe5 Bxe5 25. Bxd3 Rxd3 26. Bxa7
Rxh3 {Black forces a draw.} (26... Rd5 $1 {[%csl Rg1][%cal Gf8a8] would put
some pressure on White.} 27. Be3 (27. Rf3 Ra8 28. Rf7 Ra5 29. Be3 Rxa2) 27...
Ra8 28. g4 {[%cal Gb1b4]} Bc3 {and Black returns the a2-pawn in a favourable
version.}) 27. gxh3 Ra8 28. Bc5 Bc3 $1 29. Bxb4 Bxb4 30. Rxb4 Rxa2 $11 {
The rest wasn't necessary. The position is equal.} 31. Re4 Ra6 32. Kg2 Kh7 33.
Kg3 Kg6 34. Kg4 Kf7 35. Rf4+ Kg6 36. h5+ Kh6 37. Rf8 Ra4+ 38. f4 Kh7 39. Re8
Ra6 40. h4 Rb6 41. Kf3 Rb3+ 42. Kg4 Re3 {A very interesting game in which both
sides showed their best qualities.} 1/2-1/2

[Event "Moscow Aeroflot op-A"]
[Site "Moscow"]
[Date "2005.02.20"]
[Round "6"]
[White "Anastasian, Ashot"]
[Black "Zvjaginsev, Vadim"]
[Result "1/2-1/2"]
[WhiteElo "2568"]
[BlackElo "2653"]
[Annotator "Mikhalevski,V"]
[PlyCount "59"]
[EventDate "2005.02.15"]
[EventType "swiss"]
[EventRounds "9"]
[EventCountry "RUS"]
[SourceTitle "CBM 106"]
[Source "ChessBase"]
[SourceDate "2005.06.06"]
[SourceVersion "1"]
[SourceVersionDate "2005.06.06"]
[SourceQuality "1"]

1. Nf3 c5 2. c4 Nc6 3. Nc3 Nf6 4. g3 d5 5. d4 e6 6. cxd5 Nxd5 7. Bg2 Be7 8. O-O
O-O 9. Nxd5 exd5 {A typical Tarrash position without the knights on c3 and f6
has arised.} 10. dxc5 Bxc5 11. Bg5 {One of the main lines. White also tested
almost all other possible moves here.} f6 12. Rc1 {White sets a nice trap.} ({
An interesting idea was demonstarted by Anand in the following game:} 12. Bd2 {
This is the main alternative to 12.Rc1.} Bf5 13. b4 $1 Bb6 14. b5 Ne7 15. Bb4
Be4 $6 16. Bh3 $1 Kh8 17. Nd4 $16 {Anand,V-Timman,J Eurotel trophy rapid 2002/
CBM89[Tsesarsky]}) 12... Bb6 (12... Bxf2+ $2 {is bad in view of} 13. Rxf2 fxg5
14. Nxg5 $1 {This nice tactical blow allows White to win a pawn.} Rxf2 (14...
Qxg5 $2 15. Qxd5+ Qxd5 16. Bxd5+ $18 {[%csl Rf8]}) 15. Qxd5+ $16) 13. Bd2 (13.
Bf4 {is another playable retreat. Here is a classical example:} Be6 14. Ne1 Re8
15. Nd3 Bf7 16. Re1 Rc8 17. a3 Qe7 18. Bd2 d4 (18... Ne5 $5) 19. Qa4 Qd6 $11 {
1/2-1/2 Petrosian,T-Keres,P/Moscow 1966/MCD (30). (30)}) 13... d4 {[%csl Re2]
Black fixes the e-pawn on e2.} ({Other options are:} 13... Re8 14. Re1 Bf5 15.
Qb3 Kh8 16. e3 Qd7 17. Qb5 Rad8 18. a4 Bg4 19. Bc3 h6 20. Nd4 Nxd4 21. Bxd4
Bxd4 $11 {1/2-1/2 Dimitrov,V-Krasenkow,M/Bulgaria 1988/EXT 2004 (21)}) (13...
Bg4 14. Qb3 Kh8 15. e3 d4 16. exd4 Bxf3 17. Qxf3 Nxd4 18. Qh5 Qd7 (18... Qe8 $5
{with good chances to equalize.}) 19. Rce1 $14 {1-0 Portisch,L-Keres,P/San
Antonio 1972/MCD (32)}) (13... Bf5 14. e3 Be4 15. Bc3 Qe7 16. Qb3 Rad8 (16...
Rac8 $5) 17. Rfd1 Rd7 $2 (17... Rc8 $5) 18. Qb5 ({White could win a pawn
thanks to a nice tactical blow.} 18. Ne5 $1 {[%csl Rd7,Re4,Rg8]} fxe5 19. Bxe4
{[%csl Rd5]}) 18... Kh8 {1/2-1/2 Pein,M-Sher,M/Hastings 1993/EXT 98 (18)}) 14.
e3 $1 {In the beginning it seems that the move should lead to equality, but it
turns out that Black has to be careful.} Be6 {[%csl Rb3] Black takes control
over the important a2-g8-diagonal.} (14... dxe3 15. Qb3+ Kh8 16. Bxe3 Bxe3 17.
fxe3 $1 {[%cal Gf1d1,Gf3d4] preparing Rfd1, which will be followed by Nd4 and
pressure on the queenside can't be ignored.} (17. Qxe3 $5)) 15. Nxd4 {Only
this move is a novelty, but the position is already close to equality.} ({
Earlier White played} 15. exd4 Nxd4 16. Be3 $1 (16. Nxd4 Qxd4 {transposes into
the main line.}) 16... Nc6 (16... Nxf3+ {doesn't bring full equality:} 17. Qxf3
Bxa2 18. Rfd1 Qe7 19. Bxb6 axb6 20. b3 $1 {[%csl Ra2]} Ra3 21. Rd3 {and black
bishop is stuck on a2.}) 17. Qxd8 Rfxd8 18. Bxb6 axb6 19. a3 Rd3 (19... b5 $5
20. Rc5 b4 21. axb4 Ra2 $11) 20. Rfe1 Bf7 21. Re3 $1 $14 {[%csl Rb6] 1-0
Johansen,D-West,G/Gosford 1988/EXT 2003 (61). (60) with a minimal advantage
for White thanks to the weakness on b6.}) 15... Nxd4 16. exd4 Qxd4 $11 {
Now the position is equal.} 17. a4 {[%cal Ga4a5] White is trying to create
some pressure, but a simple} Rad8 {forces exchange of queens and a draw
becomes inevitable.} 18. Bc3 Qxd1 ({Also Black can't hope for much avoiding
exchange of queen.} 18... Qc4 19. Qc2 Bd5 20. Bxd5+ Rxd5 21. Rfe1 $11) 19.
Rfxd1 Rxd1+ 20. Rxd1 Bb3 21. Bd5+ (21. Rd7 Bxa4 22. Bd5+ Kh8 23. Rxb7 Rd8 $11)
21... Bxd5 22. Rxd5 Rd8 23. Rb5 Rd7 24. h4 {White is still trying to play on,
but Black has no real weaknesses and so he shoulodn't have any problems to
keep a draw.} Kf7 25. Kg2 Bd8 26. g4 a6 27. Rb3 f5 $1 {[%csl Rg4,Rh4]} 28. Kg3
({Of course not} 28. gxf5 $2 Bxh4 $15 {[%csl Rf2,Rf5][%cal Gh4f6] and Black is
better.}) 28... fxg4 29. Kxg4 {[%cal Gh4h5]} g6 {[%cal Gh7h5]} 30. h5 $1 {
Otherwise Black plays h5 and fixes weakness on h4.} 1/2-1/2

[Event "Bundesliga 0506"]
[Site "Germany"]
[Date "2005.11.12"]
[Round "3.3"]
[White "Gschnitzer, Oswald"]
[Black "Ribli, Zoltan"]
[Result "0-1"]
[WhiteElo "2427"]
[BlackElo "2585"]
[Annotator "Mikhalevski,V"]
[PlyCount "74"]
[EventDate "2005.10.21"]
[EventType "team-tourn"]
[EventRounds "15"]
[EventCountry "GER"]
[SourceTitle "CBM 110"]
[Source "ChessBase"]
[SourceDate "2006.01.31"]
[SourceVersion "1"]
[SourceVersionDate "2006.01.31"]
[SourceQuality "1"]
[WhiteTeam "Kirchheim"]
[BlackTeam "Tegernsee"]
[WhiteTeamCountry "GER"]
[BlackTeamCountry "GER"]

1. d4 Nf6 2. c4 e6 3. Nf3 d5 4. Nc3 c5 5. cxd5 Nxd5 6. e4 Nxc3 7. bxc3 cxd4 8.
cxd4 Nc6 9. Bc4 Bb4+ 10. Bd2 Bxd2+ 11. Qxd2 O-O 12. O-O b6 13. Rad1 Bb7 14. Qf4
({Other options.} 14. Rfe1 {-->Grachev,B-Lugovoi,A, RUS-Tch 2004/CBM 102
[Mikhalevski,V].}) (14. d5 Na5 15. Bd3 Qe7 16. Qf4 f6 $2 17. Nd4 $1 e5 18. Nf5
exf4 19. Nxe7+ Kf7 20. Nf5 $16 {Krasenkow,M-Kveinys,A, POL-Tch, Lubniewice
2002.}) 14... Qf6 $1 {This exchange is favourable for Black even despite it
damages Black's pawn structure.} (14... Na5 15. Bd3 Qe7 16. d5 Rfd8 17. dxe6
$146 Qxe6 18. Bb1 {Zaichik,G-Golod,V, World Open 32nd 2004/CBM101[Golod,V]})
15. Qe3 {One of three possible retreats. White strengthens the centre, but the
queen won't participate in attack.} (15. Qc7 {doesn't look right.} Na5 16. Bd3
h6 17. Qg3 Rfd8 18. d5 exd5 19. e5 Qe7 20. Rfe1 $44 {with some compensation
for the sacrificed pawn. Lputian,S-Cifuentes Parada,R, Hoogeveen op 1993/
CBM34[Ftacnik].}) (15. Qg3 Rac8 16. d5 $5 $13 {Peek,M-Golod,V, Hoogeveen op
2nd 1998/CBM66[Golod,V].}) (15. Qxf6 {was tested only once and without big
success from the White's point of view.} gxf6 16. Rfe1 Rac8 17. d5 Na5 18. Bd3
Rfd8 19. dxe6 fxe6 {and soon Black obtained better play in Kubrusly,J-Lima,D,
Guanaba Quadrangular 1998.}) 15... Rac8 {[%cal Gc6a5,Ga5c4] The most logical.
Black brings the rook into play and preapres to move the knight.} (15... Na5 {
may lead to 15...Rac8 by transposition.} 16. Bd3 Qe7 17. Rfe1 (17. Rc1 $5)
17... h6 18. Ne5 Rfd8 19. Nc4 $6 Nxc4 20. Bxc4 Rac8 $11 {0-1 Loureiro,L-Lima,D/
Americana 1996/EXT 98 (54)}) (15... Rfd8 $5 16. e5 Qh6 17. Ng5 Nb4 (17... Nxd4
$5 18. Nxf7 Qxe3 19. fxe3 Nf3+ 20. gxf3 Kxf7 $11) 18. f4 Rac8 19. Rc1 Bd5 20.
Bxd5 Nxd5 $15 {and Black is potentially better. 1/2-1/2 Rausis,I-Zhuravliov,V/
Daugavpils 1990/CBM 017 (40)}) 16. e5 $2 $146 {[%csl Rd5] Now the weakening of
the d5-square is not justified since White can't create an attack while the
weakness on d5 will be chronic.} (16. Rfe1 Rfd8 17. d5 Na5 18. Bd3 e5 (18...
exd5 19. e5 Qe7 20. Nd4 $44 {[%cal Gd4f5,Ge5e6]}) (18... Nc4 $5 19. Bxc4 Rxc4
20. e5 Qe7 21. d6 Qd7 $132) 19. Rc1 $14 {0-1 Shapira,L-Averbakh,Y/Szczawno
Zdroj 1950/MCD (58). (58)}) 16... Qh6 $1 {[%csl Rd5] This idea is similar to
the one we saw two moves ago. Black offers a queen exchange and obtains a
comfortable endgame. This time he gets the d5-square as a bonus.} 17. Qxh6 gxh6
$15 {[%csl Rd5][%cal Gc6b4,Gc6a5]} 18. Rfe1 ({Unfortunately for White there is
no time for} 18. d5 $2 {as after} Nb4 ({or} 18... Na5 {[%csl Rd5] White loses
a pawn.})) 18... Nb4 {[%cal Gb4d5] The knight finds a nice parking lot on d5.}
19. Bb3 Rfd8 20. Re3 Nd5 $5 {[%cal Gd5c3,Gd5f4] Black prepares to improve the
position of the knight.} 21. Re4 $2 (21. Bxd5 {would probably be the lesser of
two evils.} Bxd5 $15) 21... Nc3 {[%csl Rd1,Re4][%cal Ga7a5,Ga5a4] Now the
knight will be very strong on c3 from where it will support advance of the
queenside pawns.} 22. Rg4+ Kh8 (22... Kf8 $5 {Bringing the king closer to the
centre.}) 23. Re1 a5 $17 {[%cal Ga5a4] Black exploits his superiority on the
queenside while White has no counterplay on the other side of the board.} 24.
Nd2 b5 {[%cal Ga5a4]} (24... a4 $5) 25. a3 a4 26. Bd1 Nxd1 $1 {It will be
difficult for White to deal with the queenside pawns without the bishop.} 27.
Rxd1 Rc3 {[%csl Ra3]} 28. Nb1 Rc2 $1 {[%cal Gd8c8]} 29. h3 (29. Nd2 Ra2 30. Nb1
Rc8 {is hardly better than the text.}) 29... Rdc8 30. Nd2 Rc1 31. Rf1 (31. Rxc1
{doesn't help:} Rxc1+ 32. Kh2 Ra1 $1 33. Rg3 Rd1 $1 34. Nf3 b4 $1 35. axb4 a3
$19 {and White can't stop the pawn without giving up a piece.}) 31... Rxf1+ 32.
Kxf1 b4 $1 $19 {[%csl Ga4] The a-pawn is too fast.} 33. d5 $1 {The very last
practical chance.} Rc1+ 34. Ke2 Ba6+ 35. Kf3 Rc3+ 36. Kf4 bxa3 {[%cal Ga3a2,
Ga2a1] Who is going to stop the a-pawn?} 37. Ne4 a2 {A good positional win of
Ribli, who underlined the wrongness of 16.e5 with easyness.} (37... a2 {After}
38. Nf6 Rc4+ {White's attack doesn't reach the goal and so he resigned.}) 0-1

[Event "ESP-chA"]
[Site "Lorca"]
[Date "2005.11.14"]
[Round "5.2"]
[White "Illescas Cordoba, Miguel"]
[Black "Lopez Martinez, Josep Manuel"]
[Result "1-0"]
[WhiteElo "2607"]
[BlackElo "2505"]
[Annotator "Mikhalevski,V"]
[PlyCount "43"]
[EventDate "2005.11.10"]
[EventType "tourn"]
[EventRounds "5"]
[EventCountry "ESP"]
[EventCategory "10"]
[SourceTitle "CBM 111"]
[Source "ChessBase"]
[SourceDate "2006.04.04"]
[SourceVersion "1"]
[SourceVersionDate "2006.04.04"]
[SourceQuality "1"]

1. d4 d5 2. c4 e6 3. Nc3 Nf6 4. cxd5 Nxd5 5. e4 Nxc3 6. bxc3 c5 7. Nf3 cxd4 8.
cxd4 Bb4+ 9. Bd2 Bxd2+ 10. Qxd2 O-O 11. Bc4 Nd7 12. O-O b6 13. Rad1 Bb7 14.
Rfe1 Rc8 15. Bb3 Re8 {An uncommon continuation, which is however not new for
Illescas, who played against it at least once. I believe the idea behind the
move is to exchange the rooks in case of 16.d5 exd5 17.exd5. As it turned out
Black gets no relief after such an exchange. So this game may reduce a number
of fans of this line.} ({The main line is} 15... Qf6 16. h3 h6 (16... Rfd8 $5 {
led to a position with mutual chances after} 17. Qe3 h6 18. Nh2 Qe7 19. Nf1 b5
20. d5 Nc5 $132 {1/2-1/2 Illescas Cordoba,M-Ivanchuk,V/Bled SLO 2002/The Week
in Chess 417 (30)}) 17. Qe3 Qe7 18. Nh2 b5 19. d5 Nc5 (19... exd5 $142) 20. d6
Qd7 21. e5 $14 {Lautier,J-Kveinys,A, EU-chT 2003/ CBM 98[Gofshtein].}) ({
Black also tested another rare line} 15... Nf6 {, but without big success.} 16.
d5 exd5 17. exd5 Rc5 $6 (17... Qd6 $5 18. Nd4 Qd7 $13) 18. d6 Bd5 19. Bxd5 Nxd5
$2 (19... Rxd5 20. Qf4 $14 {[%csl Gd6]}) 20. Re5 Nf6 21. Rxc5 bxc5 22. d7 $18 {
1-0 Neverov,V-Roghani,A/Dubai 2003/CBM 93 ext}) 16. d5 $1 {This logical
continuation was definitely prepared by Illescas at home. The d-pawn suddenly
becomes a real strength to reckon with.} ({Earlier White tested} 16. h3 h6 (
16... Nf6 $5 17. Qf4 Qc7 18. Qh4 h6 19. Re3 (19. d5 $5) 19... b5 20. Ne5 a5
$132 {1/2-1/2 Epishin,V-Del Rio Angelis,S/Calvia ESP 2005/The Week in Chess
572 (49)}) 17. Re3 (17. Qe3 {may transpose to Lautier,J-Kveinys,A, EU-chT 2003/
CBM 98[Gofshtein] after} Qe7) 17... Nf6 18. Qe2 Rc7 19. d5 $1 exd5 20. e5 Nh5
21. Rd4 $1 $36 {1-0 Illescas Cordoba,M-Comas Fabrego,L/Merida ESP 2005/The
Week in Chess 566 (31)}) ({and} 16. Qf4 Qf6 17. Qd6 Red8 18. Qa3 a5 $6 (18...
a6 $5) 19. Ba4 $14 {1-0 Van Wely,L-Hansen,C/Ter Apel 1993/CBM 035 (42)}) 16...
exd5 17. exd5 {White leaves the bishop on b3 for a future attack of the
f7-square.} (17. Bxd5 Bxd5 18. exd5 Qf6 19. d6 h6 20. h3 Red8 21. Re7 Rc6 22.
Qd5 Nb8 23. Qe5 Kf8 24. Re1 Qxe5 25. Nxe5 Rcxd6 26. Rxf7+ Kg8 27. Rxa7 Re8 28.
Re3 Nc6 29. Nxc6 Rxe3 30. fxe3 Rxc6 31. Kf2 b5 32. Kf3 b4 33. e4 b3 34. axb3
Rc3+ 35. Kf4 Rxb3 36. e5 Rb2 37. e6 Rf2+ 38. Ke5 Kf8 39. Ra8+ Ke7 40. Ra7+ Kf8
41. Rd7 Rxg2 42. Kd6 Rd2+ 43. Kc7 Re2 44. Kd6 Rd2+ 45. Kc7 {1/2-1/2 Stull,
N-Sosa Harrison,J/Novi Sad 1990/TD}) 17... Rxe1+ 18. Rxe1 Nf6 19. d6 {Up to
this point Fritz evaluated the position as equal, but now starts to appreciate
strength of the d-pawn.} Bxf3 20. gxf3 Rc6 21. d7 $1 {Puenta of the previous
play. Black can't avoid material losses.} a6 $2 {Black misses White's reply
and loses instantly.} (21... Qxd7 22. Qxd7 Nxd7 23. Re7 {[%csl Rd7,Rf7]} Rd6 (
23... Rc7 24. Kg2 $1 $18 {is hopeless for Black.}) 24. Rxf7 Rg6+ (24... Nc5 $2
25. Rd7+ $18) 25. Kf1 Nc5 26. Bd5 h5 $1 (26... h6 27. Rf6+ Kh7 28. Bg8+ $1 {
[%csl Rg6]}) 27. Rxa7+ $16) 22. Re7 $1 $18 {[%csl Rf7] Now Black can't protect
the f7-pawn and so he resigned. I wouldn't be surprised if all of this had
been prepared by Illescas at home.} 1-0